00346nam a22000977a 4500082001300000100003800013245009000051260002700141700004700168856003300215 aR/IMS-20 aKhalid Hussain Malaka15-MS(M)-05 aOn Applicability of Straightforward Expansion Methods for Damped Bleam Like Equation  aNawabshahbQUESTc2019 aDepartment of Mathematical and Statistics  uhttps://tinyurl.com/2vypf7yy